| 000 | 02730nam a22003017a 4500 | ||
|---|---|---|---|
| 001 | 1630 | ||
| 003 | FISKH | ||
| 005 | 20250530115129.0 | ||
| 008 | 230912b cb ||||| |||| 00| 0 khr d | ||
| 020 | _a9789924340164 | ||
| 040 |
_aFISKH _beng _cFISKH _dFISKH |
||
| 082 | _a371.9047 | ||
| 100 | _aSithi, Hok | ||
| 245 |
_aសុទ្ធិ កុមារភាពដែលត្រូវគេដកហូត / _cហុក សុទ្ធិ - និពន្ធដោយ ច័ន |
||
| 250 | _aបោះពុម្ពលើកទី៣ ខែមេសា ឆ្នាំ២០២២ | ||
| 260 |
_aPhnom Penh : _bSipar, _c2022. |
||
| 300 |
_a111 pages : _billustrations ; _c19 cm |
||
| 490 | _aអក្សរសិល្ប៍យុវវ័យ | ||
| 505 | _aZ' | ||
| 520 | _aសុទ្ធិ កើតក្នុងឆ្នាំមមែ ត្រូវនឹងឆ្នាំ១៩៦៧ នៅកន្នុងខេត្តកំពង់ចាម ចំពេលដែលកម្ពុជាចាប់ផ្ដើមលង់ខ្លួនចូលទៅក្នុងភ្លើងសង្គ្រាម និងការទម្លាក់គ្រប់បែកពីសំណាក់សហរដ្ឋអាមេរិក។ សុទ្ធិមានអាយុ៣ឆ្នាំ នៅពេលដែលពួកខ្មែរក្រហមចូលមកកាន់កាប់ភូមិអន្ទង់ស។ ចាប់ពីពេលនោះមកអ្វីៗត្រូវក្រឡាប់ចាក់ ៖ អាក្រក់ទៅជាល្អ សទៅជាខ្មៅ ល្ងង់ខ្លៅទៅជាចេះ ហើយសូម្បីតែគោក៏ត្រូវបានគេហៅថាសមមិត្តគោដែរ។ កុមារភាពដ៏ចម្លែកមួយនៅក្រោមប្រវត្តសាស្រ្តនៃកម្ពុជា។ | ||
| 520 | _aSothi was born in the year 1967 in Kampong Cham province, at a time when Cambodia was beginning to sink into the flames of war and bombardment by the United States. Sothi was three years old when the Khmer Rouge took over the village of Antang Sar. From then on, things turned upside down: bad to good, white to black, ignorance to knowledge, and even cows were called cow comrades. A strange childhood under the history of Cambodia. | ||
| 521 | 8 |
_a920
_bLexile estimate |
|
| 521 | 8 |
_aZ'
_bRaz-Plus |
|
| 650 |
_aសង្គ្រាម _vក្រឡាប់ចាក់ _xសមមិត្ត _yគោ |
||
| 650 |
_aWar _vUp side down _xComrade _yCow |
||
| 700 |
_aChan _eillustrator |
||
| 942 |
_2ddc _cKHB _n0 |
||
| 999 |
_c1630 _d1630 |
||